书目信息 |
| 题名: |
武则天传
|
|
| 作者: | 林语堂 著 | |
| 分册: | ||
| 出版信息: | 海口 海南出版社 2001 |
|
| 页数: | 333页 | |
| 开本: | 22cm | |
| 丛书名: | 名人名传丛书 | |
| 单 册: | ||
| 中图分类: | K827=421 | |
| 科图分类: | ||
| 主题词: | ||
| 电子资源: | ||
| ISBN: | 7-80590-208-9 | |
| 000 | 00605nam2 2200217 45 | |
| 001 | 0179007258 | |
| 005 | 20040601160731.7 | |
| 010 | @a7-80590-208-9@dCNY23.80 | |
| 100 | @a19950725d2001 em y0chiy0121 ea | |
| 101 | 0 | @achi |
| 105 | @aa z 000yb | |
| 200 | 10 | @a武则天传@AWu Ze Tian Chuan@f林语堂著@FLin Yu Tang Zhu |
| 210 | @a海口@c海南出版社@d2001 | |
| 215 | @a333页@c照片@d22cm | |
| 225 | @a名人名传丛书 | |
| 410 | @12001 @a名人名传丛书 | |
| 600 | 0 | @a武则天(624-705)@x传记 |
| 690 | @aK827=421@v4 | |
| 701 | 0 | @a林语堂@4著 |
| 801 | 0 | @aCN@bNLC@c20040330 |
| 905 | @b333918-922@dK827=421@e312LT@f5 | |
| 武则天传/林语堂著.-海口:海南出版社,2001 |
| 333页:照片;22cm.-(名人名传丛书) |
| ISBN 7-80590-208-9:CNY23.80 |
| ● |
| 相关链接 |
|
|
|
|
正题名:武则天传
索取号:K827=421/312LT
 
预约/预借
| 序号 | 登录号 | 条形码 | 馆藏地/架位号 | 状态 | 备注 |
| 1 | 0333918 | 203339182 | 第二借阅区/ [索取号:K827=421/312LT] | 在馆 | |
| 2 | 0333919 | 203339191 | 第二借阅区/ [索取号:K827=421/312LT] | 在馆 | |
| 3 | 0333921 | 203339217 | 第二借阅区/ [索取号:K827=421/312LT] | 在馆 | |
| 4 | 0333922 | 203339226 | 第二样本阅览室/ [索取号:K827=421/312LT] | 在馆 |